Statistics for MLB Franchise Fours

Click here to take the quiz!

General Stats

  • This quiz has been taken 611 times
    (605 since last reset)
  • The average score is 64 of 120

Answer Stats

HintAnswer% Correct
Babe Ruth
91%
Cal Ripken Jr.
89%
Ted Williams
86%
Billy Williams
84%
Brooks Robinson
84%
Frank Robinson
84%
Jackie Robinson
84%
Mickey Mantle
84%
Randy Johnson
84%
Kansas City RoyalsGeorge Brett
80%
Edgar Martinez
79%
Lou Gehrig
79%
Pedro Martinez
79%
Seattle MarinersKen Griffey Jr.
78%
Atlanta BravesHank Aaron
76%
Nolan Ryan
76%
Chipper Jones
75%
Frank Thomas
75%
New York YankeesJoe DiMaggio
75%
Cincinnati RedsJohnny Bench
75%
Houston AstrosJeff Bagwell
74%
Willie Mays
74%
Craig Biggio
73%
Pete Rose
73%
Randy Jones
73%
San Francisco GiantsBarry Bonds
72%
Boston Red SoxDavid Ortiz
72%
Chicago CubsErnie Banks
72%
Greg Maddux
72%
Todd Helton
72%
Pittsburgh PiratesRoberto Clemente
71%
Stan Musial
70%
Luiz Gonzalez
69%
Detroit TigersMiguel Cabrera
69%
Mike Schmidt
69%
Robin Yount
69%
San Diego PadresTony Gwynn
69%
Joe Carter
68%
Mike Trout
68%
Tampa Bay RaysEvan Longoria
67%
Washington Nationals/ExposGary Carter
67%
Reggie Jackson
66%
Ty Cobb
65%
Baltimore OriolesJim Palmer
64%
Carl Yastrzemski
63%
Ivan Rodriguez
63%
Jim Thome
63%
Larry Walker
63%
Sandy Koufax
63%
Bob Gibson
62%
Tom Seaver
61%
Kirby Puckett
60%
Rickey Henderson
60%
Joe Morgan
59%
Los Angeles AngelsVladimir Guerrero
58%
Willie Stargell
58%
Al Kaline
57%
Giancarlo Stanton
57%
Harmon Killebrew
56%
Cleveland IndiansBob Feller
55%
Curt Schilling
55%
Paul Molitor
55%
Vladimir Guerrero
55%
Honus Wagner
52%
Willie McCovey
51%
Felix Hernandez
50%
Ryne Sandberg
50%
New York MetsKeith Hernandez
49%
Ichiro Suzuki
48%
Mike Piazza
47%
Roy Halladay
47%
Steve Carlton
47%
Jimmie Foxx
46%
Michael Young
46%
Toronto Blue JaysRoberto Alomar
45%
Minnesota TwinsRod Carew
44%
Andre Dawson
42%
Barry Larkin
41%
Duke Snider
41%
David Price
40%
David Wright
40%
Tim Salmon
40%
Warren Spahn
40%
Hank Greenberg
39%
Arizona DiamondbacksPaul Goldschmidt
39%
Oakland AthleticsDennis Eckersley
38%
Rogers Hornsby
37%
Texas RangersAdrian Beltre
36%
Ron Santo
36%
Bret Saberhagen
35%
Tim Raines
35%
Troy Tulowitzki
35%
Tris Speaker
34%
Lance Berkman
33%
Paul Konerko
33%
Rollie Fingers
33%
Carlos Delgado
30%
St. Louis CardinalsLou Brock
30%
Trevor Hoffman
30%
Dave Winfield
28%
Los Angeles DodgersDon Drysdale
28%
Gary Sheffield
27%
Colorado RockiesAndres Galarraga
24%
Buster Posey
23%
Frank White
23%
Robin Roberts
23%
James Shields
21%
Bill Mazeroski
20%
Milwuakee BrewersCecil Cooper
20%
Ben Zobrist
19%
Chicago White SoxHarold Baines
18%
Miami MarlinsJeff Conine
18%
Omar Vizquel
18%
Philadelphia PhilliesRichie Ashburn
16%
Dan Quisenberry
14%
Tony Oliva
13%
Minnie Minoso
12%
Mike Lowell
10%

Score Distribution

Percentile by Number Answered

Percent of People with Each Score

Your Score History

You have not taken this quiz since the last reset